Countries Over 1M Square Kilometers - Sudden Death - Statistics

General Stats
  • This quiz has been taken 48 times
    16 since last reset
  • The average score is 8 of 15
Answers on the Grid
Answers color-coded by a green-red scale on the quiz's grid according to % correct below.
Russia
Canada
China
Mexico
Brazil
Iran
India
Sudan
Argentina
Algeria
Angola
Saudi Arabia
Mali
Ethiopia
Chad
Egypt
South Sudan
Central African Republic
Nigeria
Iraq
Tanzania
Pakistan
Chile
France
Namibia
Turkey
Thailand
Japan
New Zealand
Mozambique
 
Answer Stats
Answer % Correct
Algeria
100%
Canada
100%
Russia
100%
China
67%
India
67%
Iran
67%
Mali
67%
Saudi Arabia
67%
Brazil
33%
Chad
33%
Mexico
33%
Sudan
33%
Angola
0%
Argentina
0%
Ethiopia
0%
No matching quizzes found
Score Distribution
Percent of People with Each Score
Percentile by Number Answered
Your Score History
You have not taken this quiz since the last reset